| 000 | 00870nam a2200229Ia 4500 | ||
|---|---|---|---|
| 999 |
_c54325 _d54325 |
||
| 001 | 21381 | ||
| 003 | GE_BSU | ||
| 005 | 20211105172536.0 | ||
| 008 | 181216s1935||||ge |||||||||||||| ||geo|| | ||
| 040 | _cGE_BSU | ||
| 041 | _ageo | ||
| 080 | _a930(479.22)(092)+94(479.22)'1832 გ-66 | ||
| 100 |
_aგოზალიშვილი, გ. _912852 |
||
| 245 |
_a1832 წლის შეთქმულება ტ.1 / _cგ. გოზალიშვილი ; რედ. ლ. ციხისთავი. |
||
| 264 |
_aტფილისი : _bსახ. უნ-ტის გამ-ბა, _c1935. |
||
| 300 |
_a526 გვ. ; _c22 სმ. |
||
| 541 | _h10 ლ. | ||
| 653 | _a1832 წლის შეთქმულება | ||
| 653 | _aისტორია | ||
| 700 |
_aციხისთავი, ლ. _eრედაქტორი _912853 |
||
| 942 |
_cBK _2udc |
||